Languages of the Northern Mariana Islands - Statistics

General Stats
  • This quiz has been taken 30 times
  • The average score is 3 of 5
Answer Stats
Percent Language % Correct
17 English
100%
24 Chamorro
67%
32 Filipino/Philippine languages
58%
6 Chinese
54%
10 Carolinian/ Pacific Island
25%
No matching quizzes found
Score Distribution
Percent of People with Each Score
Percentile by Number Answered
Your Score History
You have not taken this quiz